| 000 | 00868nam a2200229 i 4500 | ||
|---|---|---|---|
| 001 | bg | ||
| 245 | 0 | 0 |
_aStalowe konstrukcje specjalne / _cJerzy Ziółko [ et al.]. |
| 260 |
_aWarszawa : _bArkady, _c1995. |
||
| 300 |
_a273, [1] s. : _bfot., rys., wykr. ; _c25 cm. |
||
| 504 | _aBibliogr. i wykaz norm przy rozdz. | ||
| 521 | _aDo przedmiotu "Konstrukcje metalowe" na wydziałach inżynierii lądowej i budownictwa uczelni technicznych. Dla studentów,projektantów rzeczoznawców oraz inżynierów i techników pracujących w wykonawstwie i nadzorze budowlanym. | ||
| 650 | 9 | _aKonstrukcje stalowe | |
| 655 | _aPodręczniki akademickie | ||
| 700 | 1 |
_aZiółko, Jerzy _d(1934- ). |
|
| 020 | _a8321337562 | ||
| 040 | _cBPK | ||
| 041 | 0 | _apl | |
| 080 | _a624.014(075.8) | ||
| 920 | _a83-213-3756-2 | ||
| 942 | _cKS | ||
| 008 | s pl f |000 0 pol | ||
| 999 |
_c33256 _d33256 |
||
| 856 |
_uhttp://koha.tu.koszalin.pl/cgi-bin/koha/opac-detail.pl?biblionumber=33256 _yKatalog online BPK |
||